5HLuxD.jpg

KING HENRY VIII SENIOR AND PRIMARY SCHOOL LIBRARY OPAC

Impact 1: (Record no. 2793)

000 -LEADER
fixed length control field 00841nam a22002177a 4500
003 - CONTROL NUMBER IDENTIFIER
control field OSt
005 - DATE AND TIME OF LATEST TRANSACTION
control field 20230821153757.0
008 - FIXED-LENGTH DATA ELEMENTS--GENERAL INFORMATION
fixed length control field 230821b ||||| |||| 00| 0 eng d
020 ## - INTERNATIONAL STANDARD BOOK NUMBER
International Standard Book Number 9781337293921
040 ## - CATALOGING SOURCE
Transcribing agency KH8
082 ## - DEWEY DECIMAL CLASSIFICATION NUMBER
Classification number 400 KOU
100 ## - MAIN ENTRY--PERSONAL NAME
Personal name Koustaff, Lesley,
Relator term author.
245 ## - TITLE STATEMENT
Title Impact 1:
Remainder of title Workbook + WB Audio CD /
Statement of responsibility, etc. Lesley Koustaff.
260 ## - PUBLICATION, DISTRIBUTION, ETC.
Name of publisher, distributor, etc. CENGAGE Learning;
Date of publication, distribution, etc. 2017.
300 ## - PHYSICAL DESCRIPTION
Dimensions 8.5 x 0.24 x 10.91 inches.
440 ## - SERIES STATEMENT/ADDED ENTRY--TITLE
Title Impact
Number of part/section of a work 1
520 ## - SUMMARY, ETC.
Summary, etc. Impact helps teenage learners to better understand themselves, each other, and the world they live in. By encouraging self-expression, global citizenship, and active participation, Impact motivates students to explore who they are and who they want to be, all while learning English!
650 ## - SUBJECT ADDED ENTRY--TOPICAL TERM
Topical term or geographic name entry element English
Form subdivision Grammar
650 ## - SUBJECT ADDED ENTRY--TOPICAL TERM
Topical term or geographic name entry element English
Form subdivision Vocabulary
942 ## - ADDED ENTRY ELEMENTS (KOHA)
Source of classification or shelving scheme
Koha item type Teaching Resources
Holdings
Withdrawn status Lost status Source of classification or shelving scheme Damaged status Not for loan Collection code Permanent Location Current Location Shelving location Date acquired Full call number Barcode Date last seen Price effective from Koha item type
          Teaching Resources KH8 Senior School Library KH8 Senior School Library Staff Office 2023-08-21 400 KOU TRKHSL002213 2023-08-21 2023-08-21 Teaching Resources

Powered By KH8 IT Dept